书目信息 |
| 题名: |
现代计量学概论
|
|
| 作者: | 鲁绍曾 主编 | |
| 分册: | ||
| 出版信息: | 北京 中国计量出版社 1987.1 |
|
| 页数: | 750页 | |
| 开本: | 20cm | |
| 丛书名: | ||
| 单 册: | ||
| 中图分类: | TB9 | |
| 科图分类: | ||
| 主题词: | 计量学 | |
| 电子资源: | ||
| ISBN: | ||
| 000 | 00489nam0 2200181 45 | |
| 001 | 0312221749 | |
| 005 | 20060511144530.56 | |
| 010 | @dCNY8.00 | |
| 100 | @a20031222d1987 km y0chiy0120 ea | |
| 101 | @achi | |
| 200 | 1 | @a现代计量学概论@AXian Dai Ji Liang Xue Gai Lun@f鲁绍曾主编@FLu Shao Ceng Zhu Bian |
| 210 | @a北京@c中国计量出版社@d1987.1 | |
| 215 | @a750页@d20cm | |
| 606 | 0 | @a计量学 |
| 690 | @aTB9@v3 | |
| 701 | 0 | @a鲁绍曾@4主编 |
| 801 | @aCN@bTSTCL@c20060511 | |
| 905 | @a213230@dTB9@e15 | |
| 现代计量学概论/鲁绍曾主编.-北京:中国计量出版社,1987.1 |
| 750页;20cm |
| ISBN :CNY8.00 |
| ● |
| 相关链接 |
|
|
|
|
正题名:现代计量学概论
索取号:TB9/15
 
预约/预借
| 序号 | 登录号 | 条形码 | 馆藏地/架位号 | 状态 | 备注 |
| 1 | 0215870 | 001361760 | 第二样本阅览室/ [索取号:TB9/15] | 在馆 | |
| 2 | 0215871 | 202324261 | 密集书库/ [索取号:TB9/15] | 在馆 |